|
|
|
|
| LEADER |
00000nam a2200000 a 4500 |
| 001 |
vtls001095764 |
| 003 |
SK-MaSNL |
| 005 |
20260302062505.0 |
| 008 |
250414s1985 xo 0 hun |
| 015 |
|
|
|a SNBA1985/11
|
| 035 |
|
|
|a SNK000038606
|
| 040 |
|
|
|a SNK
|b slo
|c SNK
|e AACR2
|
| 041 |
0 |
|
|a hun
|
| 044 |
|
|
|a xo
|c SK
|
| 080 |
|
|
|a 372.46:809.451.1(075.2)
|2 1981
|
| 080 |
|
|
|a 809.451.1(075.2)
|2 1981
|
| 100 |
1 |
|
|a Schniererová, Elena
|4 aut
|9 279108
|
| 245 |
1 |
0 |
|a Anyanyelvünk 4
|b Tankönyv az alapiskola 4. osztálya számára
|c Elena Schniererová ; Ilona pozri Schniererová Schniererné Wurster, Klára Králová, József pozri Nagy Nagy
|
| 250 |
|
|
|a 2., kiad.
|
| 260 |
|
|
|a Bratislava
|b Slovenské pedagogické nakladateľstvo
|c 1985
|e Košice
|f Východoslovenské tlačiarne
|
| 300 |
|
|
|a 175 s., 6,67 AH
|c 20 cm
|
| 366 |
|
|
|e 5000 výtl.
|
| 500 |
|
|
|a Súbež. náz. slov. Schválilo MŠ SSR. Pravopisný reg.
|
| 700 |
1 |
|
|a Schniererné Wurster, Ilona pozri Schniererová
|4 aut
|9 507737
|
| 700 |
1 |
|
|a Králová, Klára
|4 bkd
|9 277393
|
| 700 |
1 |
|
|a Nagy, József pozri Nagy
|4 bkd
|9 279110
|
| 852 |
|
|
|a Slovenská národná knižnica
|
| 958 |
|
|
|a UX
|
| 958 |
|
|
|a TL
|
| 958 |
|
|
|a HU
|
| 958 |
|
|
|a OND
|
| 999 |
|
|
|c 1129502
|d 1131432
|
| 952 |
|
|
|t P60, <04>, [BOOK], {604}
|a SNK
|b SNK
|y VYP
|7 0
|p 17A0319473
|o snkSC 64091 D1
|0 0
|1 0
|4 0
|d 2001-11-02
|l 0
|r 2004-12-31 00:00:00
|w 2026-02-24
|
| 952 |
|
|
|a SNK
|b SNK
|y PREZ
|7 0
|p 17A0916902
|o snkSC 64091
|0 0
|1 0
|4 0
|d 2012-08-07
|l 0
|r 2025-07-02 00:00:00
|w 2026-02-24
|